NBA Players Who Have Torn Their Achilles by Clue - Statistics

General Stats
  • This quiz has been taken 35 times
  • The average score is 7 of 10
Answer Stats
Hint Player % Correct
Died in a helicopter crash Kobe Bryant
100%
Won the 23-24 Championship and has a son named Deuce Jayson Tatum
97%
Known as the Slim Reaper Kevin Durant
97%
Controversially admitted to believing that the Earth was flat Kyrie Irving
91%
Lead the Wizards to the Playoffs numerous times during the 2010s John Wall
81%
Tore it in Game 7 of the NBA Finals Tyrese Haliburton
81%
Hawks legend who is known as one of the best dunkers of all time Dominique Wilkins
75%
Was the #1 pick in 1985 and was the reasoning for the Frozen Envelope conspiracy Patrick Ewing
59%
Teammate of LeBron and Cleveland fan favorite known as "Wild Thing" Anderson Varejão
13%
Famous for having an odd tattoo on his right shoulder Dejounte Murray
9%
No matching quizzes found
Score Distribution
Percent of People with Each Score
Percentile by Number Answered
Your Score History
You have not taken this quiz